| 000 | 00355nam a22001457a 4500 | ||
|---|---|---|---|
| 003 | SGT | ||
| 020 | _a9789351369745 | ||
| 082 |
_a904 _bM17M |
||
| 100 | _aMayekar, Sandesh | ||
| 245 | _aMore Than a Mouthful: Adventures of a Dentist | ||
| 260 |
_aNEW DELHI _bHARPER COLLINS PUBLISHER _c2017 |
||
| 300 | _a212 | ||
| 650 | _aAdventures | ||
| 942 |
_2ddc _cBK _01 |
||
| 999 |
_c15825 _d15825 |
||